Statistics for River - Bishop Briggs - All Lyrics

Click here to take the quiz!

General Stats

  • This quiz has been taken 20 times
  • The average score is 317 of 390

Answer Stats

Answer% Correct
a
100%
an
100%
Hey-oh,
100%
Like
100%
(Like
100%
like
100%
me
100%
oh-oh-oh
100%
oh-oh-oh,
100%
river
100%
river)
100%
river,
100%
sh-
100%
ya?
100%
you
100%
your
100%
and
94%
do
94%
mouth,
94%
mouth
94%
Shut
94%
shut
94%
baby,
88%
Don't
88%
Don’t
88%
don't
88%
in
88%
stand
88%
deliver
81%
How
81%
make
81%
run
81%
they
81%
love?
75%
love
75%
say,
75%
say
75%
sinner?
75%
than
75%
we
75%
Faster
69%
it
69%
One
69%
apart?
63%
could
63%
fall
63%
hands,
63%
So
63%
the
63%
trigger
63%
will
63%
just
56%
to
56%
bullet
50%
hairpin
50%
Harder
50%
hit
50%
Holy
50%
is
50%
breath,
44%
breath
44%
it'll
44%
of
44%
this
44%
are
38%
break
38%
from
38%
'til
38%
Can’t
31%
last
31%
shiver
31%
start
31%
Choke
25%
way
25%
away
19%
Cursed
19%
endless
19%
fool
19%
heart
19%
killing
19%
kiss
19%
Tales
19%
tears
19%
veins
19%
who's
19%
willing
19%
wither
19%
change
13%

Score Distribution

Percentile by Number Answered

Percent of People with Each Score

Your Score History

You have not taken this quiz